Biggest Countries by Population, but... #3 - Statistics

General Stats
  • This quiz has been taken 232 times
  • The average score is 26 of 30
Answer Stats
Population Country % Correct
145 mil China
99%
129 mil India
99%
78.8 mil United States
99%
54.5 mil Brazil
97%
17.5 mil France
97%
32.7 mil Russia
97%
25.1 mil United Kingdom
97%
75.9 mil Japan
96%
41.2 mil Mexico
95%
29.3 mil Nigeria
95%
35.4 mil Egypt
93%
55.0 mil Indonesia
92%
41.6 mil Pakistan
90%
21.7 mil Bangladesh
89%
17.3 mil Canada
88%
26.9 mil Iran
88%
22.5 mil Argentina
87%
38.0 mil South Korea
87%
34.0 mil Philippines
85%
40.5 mil Turkey
85%
20.6 mil Colombia
84%
15.9 mil Spain
84%
18.5 mil Australia
83%
18.4 mil Thailand
83%
21.7 mil D. R. Congo
81%
29.0 mil Vietnam
81%
17.5 mil Saudi Arabia
76%
15.6 mil Peru
73%
14.6 mil Malaysia
72%
14.2 mil Taiwan
57%
No matching quizzes found
Score Distribution
Percent of People with Each Score
Percentile by Number Answered
Your Score History
You have not taken this quiz